| 000 | 00561nam a22001937a 4500 | ||
|---|---|---|---|
| 003 | OSt | ||
| 008 | 260623b |||||||| |||| 00| 0 eng d | ||
| 020 | _a9789811904318 | ||
| 082 |
_a572.69 _bE51A |
||
| 245 |
_aAquatic lectins: immune defense, biological recognition and molecular advancements / _cedited by Preetham Elumalai, Ed., |
||
| 260 |
_aSingapore _bSpringer Nature _c2022 |
||
| 300 | _a395 p. | ||
| 650 | _aLectins | ||
| 650 | _aFishes | ||
| 650 | _aGenetics | ||
| 700 | _aVaseeharan, Baskaralingam | ||
| 700 | _aLakshmi, Sreeja | ||
| 942 |
_2ddc _cBK |
||
| 999 |
_c52216 _d52216 |
||